| 000 | 01392cam a22002775a 4500 | ||
|---|---|---|---|
| 001 | L138734 | ||
| 008 | 070706s2007 xxkado f f 001 0 eng d | ||
| 020 | _a9780860176831 | ||
| 035 | _a(Sirsi) u138734 | ||
| 041 | 0 | _aeng | |
| 050 | 0 | 4 | _a627 $2 18 |
| 110 | 2 |
_aConstruction Industry Research and Information Association _94810 |
|
| 245 | 0 | 4 |
_aThe rock manual _bthe use of rock in hydraulic engineering |
| 250 | _a2nd ed. | ||
| 260 |
_aCIRIA _bLondon _c2007 |
||
| 300 |
_axxxvi, 1268p. _bill. _c30cm. _e1 CD-ROM |
||
| 505 | 2 | _aIntroduction -- Planning and designing rock works -- Materials -- Physical site conditions and data collection -- Physical processes and design tools -- Design of marine structures -- Design of closure works -- Design of river and canal structures -- Construction -- Monitoring, inspection and maintenance and repair. | |
| 520 | _a Provides guidance to help ensure that projects are environmentally friendly and sustainable. Brings together research and technical information with practical experience. | ||
| 590 | _aka | ||
| 651 | 4 | _aInternational | |
| 690 | _aBUILT ENVIRONMENT-ENGINEERING-CIVIL ENGINEERING | ||
| 690 | _aBUILT ENVIRONMENT-BUILDING MATERIALS-STONE | ||
| 710 | 1 |
_aFrance _bMinistere de l'Equipment des Transports du Logement du Tourisme et de la Mer _95326 |
|
| 710 | 1 |
_aNetherlands _bCUR building and infrastructure _95327 |
|
| 942 | _n0 | ||
| 999 |
_c107240 _d107240 |
||